| 000 | 00490nam a22001697a 4500 | ||
|---|---|---|---|
| 003 | IT-RoPau | ||
| 005 | 20220918181220.0 | ||
| 008 | 140512b xxu||||| |||| 00| 0 eng d | ||
| 040 | _cIT-RoPau | ||
| 100 |
_aG.P.D.H _924685 |
||
| 245 |
_aUn sentiero nella luce _bTesto di Marialba. Illustrazione di Claire |
||
| 260 |
_aRoma _bEd. Paoline Centro Liturgico _c1963 |
||
| 300 |
_a160 pp. _c21 cm |
||
| 490 | _aEd. Paoline - Centro Liturgico | ||
| 500 | _aProp. Riservata | ||
| 942 |
_2ddc _cBK |
||
| 999 |
_c104361 _d104361 |
||